| 000 | 01882cam a2200373 a 4500 | ||
|---|---|---|---|
| 001 | 12883501 | ||
| 005 | 20030715183729.0 | ||
| 008 | 020805s2003 nyua b 001 0 eng | ||
| 010 | _a 2002032568 | ||
| 020 | _a0071240446 | ||
| 020 | _a9780071240444 | ||
| 040 |
_aDLC _cDLC _dDLC |
||
| 050 | 0 | 0 |
_aTP155.5 _b.P4 2003 |
| 082 | 0 | 0 |
_a690.54 _222 _bPET |
| 100 | 1 |
_aPeters, Max Stone, _d1920- _99364 |
|
| 245 | 1 | 0 |
_aPlant Design and Economics for Chemical Engineers/ _cMax S. Peters, Klaus D. Timmerhaus & Ronald E. West |
| 250 | _a5th ed. | ||
| 260 |
_aNew York : _bMcGraw-Hill, _cc2003. |
||
| 300 |
_axvii, 988 p. : _bill. ; _c24 cm. |
||
| 490 |
_aMcGraw-Hill chemical engineering series _927705 |
||
| 500 | _aIncludes indexes | ||
| 504 | _aIncludes bibliographical references and indexes. | ||
| 650 | 0 |
_aChemical plants _xDesign and construction. _99365 |
|
| 653 |
_bChe _cOctober2011 |
||
| 700 | 1 |
_aTimmerhaus, Klaus D. _99366 |
|
| 700 | 1 |
_aWest, Ronald E. _q(Ronald Emmett), _d1933- _99367 |
|
| 856 | 4 | 1 |
_3Table of contents _uhttp://www.loc.gov/catdir/toc/mh031/2002032568.html |
| 856 | 4 | 2 |
_3Publisher description _uhttp://www.loc.gov/catdir/description/mh031/2002032568.html |
| 942 |
_2ddc _cBB |
||
| 999 |
_c12913 _d12913 |
||